000 01213cai a22002175a 4500
001 L140080
008 070904u xxk f 000 0 eng d
035 _a(Sirsi) u140080
041 0 _aeng
110 2 _aAcademy of Experts
_93991
245 0 4 _aThe Academy of Experts
_bresource for expert witnesses and mediators
_h[electronic resource]
520 _aProfessional society which aims to promote the better use of expert witnesses and to ensure that a standard of excellence is maintained and developed. Members are drawn a wide range of professional, commercial and industrial disciplines from around the world. Includes Rules for Expert Determination, Model Form of Expert's Report and the Expert's Declaration (Statement of Truth).
610 2 4 _aAcademy of Experts
_93991
650 2 4 _aEXPERT'S DECLARATION (STATEMENT OF TRUTH)
650 2 4 _aMODEL FORM OF EXPERT'S REPORT
650 2 4 _aRULES FOR EXPERT DETERMINATION
651 4 _aInternational
690 _aMANAGEMENT-DISPUTE AVOIDANCE, MANAGEMENT AND RESOLUTION-DISPUTE MANAGEMENT AND RESOLUTION-EXPERT WITNESSES
856 4 0 _uhttps://www.academy-experts.org/default.htm
_zView this website free of charge at www.academy-experts.org...
942 _n0
999 _c120625
_d120625